Statistiken für Die 50 größten Städte Deutschlands nach Flaggen - Durchgemischt

Klicken Sie hier um das Quiz zu spielen!

Allgemein

  • Dieses Quiz wurde 69 mal gespielt
  • Das Durchschnittsergebnis liegt bei 11 aus 50

Antwortstatistiken

Antwort% Korrekt
Berlin
94%
Hamburg
92%
Augsburg
69%
Bremen
52%
Stuttgart
52%
Köln
48%
Mainz
37%
Dresden
35%
Dortmund
33%
Kiel
33%
Nürnberg
33%
Frankfurt
31%
Halle (Saale)
31%
Erfurt
23%
Leipzig
23%
München
23%
Essen
21%
Freiburg im Breisgau
19%
Rostock
19%
Wiesbaden
19%
Düsseldorf
17%
Wuppertal
17%
Bielefeld
15%
Bonn
15%
Braunschweig
15%
Bochum
13%
Duisburg
13%
Kassel
13%
Magdeburg
13%
Oldenburg
13%
Osnabrück
13%
Potsdam
13%
Gelsenkirchen
12%
Hannover
12%
Karlsruhe
12%
Ludwigshafen am Rhein
12%
Münster
12%
Aachen
10%
Krefeld
10%
Mönchengladbach
10%
Oberhausen
10%
Solingen
10%
Chemnitz
8%
Hagen
8%
Leverkusen
8%
Lübeck
8%
Mannheim
8%
Mülheim an der Ruhr
6%
Saarbrücken
6%
Hamm
4%

Verteilung der Resultate

Perzentil nach korrekt beantworteten Fragen

Anzahl Personen mit jedem Resultat

Ihre Resultats-Entwicklung

Sie haben dieses Quiz noch nicht gespielt